书目信息 |
| 题名: |
小学生心理咨询与行为指导
|
|
| 作者: | 方平 , 王建平 | |
| 分册: | ||
| 出版信息: | 北京 首都师范大学 1993 |
|
| 页数: | 165页 | |
| 开本: | 20cm | |
| 丛书名: | 家长学校 | |
| 单 册: | ||
| 中图分类: | B849:G44 , B849 | |
| 科图分类: | ||
| 主题词: | 应用心理学 | |
| 电子资源: | ||
| ISBN: | 7-81039-016-3 | |
| 000 | 00781nam0 2200241 450 | |
| 001 | 1563682617 | |
| 005 | 20150201081314.84 | |
| 010 | @a7-81039-016-3@dCNY3.80 | |
| 100 | @a20070818d km y0chiy0120 ea | |
| 101 | 0 | @achi |
| 200 | 1 | @a小学生心理咨询与行为指导@Axiao xue sheng xin li zi xun yu xing wei zhi dao@e献给为孩子而烦恼的家长们@f王建平,方平@Fwang jian ping,fang ping |
| 210 | @a北京@c首都师范大学@d1993 | |
| 215 | @a165页@d20cm | |
| 225 | 2 | @a家长学校 |
| 410 | 0 | @12001 @a家长学校 |
| 517 | 1 | @a献给为孩子而烦恼的家长们@Axian gei wei hai zi er fan nao de jia zhang men |
| 606 | 0 | @a应用心理学 |
| 690 | @aB849:G44@v3 | |
| 690 | @aB849@v4 | |
| 701 | 0 | @a方平@Afang ping |
| 701 | 0 | @a王建平@Awang jian ping |
| 801 | 0 | @aCN@bTSSF@c20150201 |
| 905 | @aZUCC@dB849@eJY50 | |
| 小学生心理咨询与行为指导:献给为孩子而烦恼的家长们/王建平,方平.-北京:首都师范大学,1993 |
| 165页;20cm.-(家长学校) |
| ISBN 7-81039-016-3:CNY3.80 |
| ● |
| 相关链接 |
|
|
|
|
正题名:小学生心理咨询与行为指导
索取号:B849/JY50
 
预约/预借
| 序号 | 登录号 | 条形码 | 馆藏地/架位号 | 状态 | 备注 |
| 1 | 7845910 | 278459106 | 学院路分馆/ [索取号:B849/JY50] | 在馆 | |
| 2 | 7845911 | 278459115 | 学院路分馆/ [索取号:B849/JY50] | 在馆 |